Science Quiz

Random Science or Elements Quiz

Periodic Table of S.P.O.R.C.L.E. Quiz Stats

Quiz Updated Feb 2, 2016

Also try: Sporc-elements
Challenge
Share
Tweet
Embed
Score 0/19 Timer 03:00
0 Plays Today
Element % Correct
Oxygen (O)
87.3%
Sulfur (S)
76.9%
Carbon (C)
75%
Phosphorus (P)
64.8%
Chlorine (Cl)
63.9%
Selenium (Se)
55.2%
Cobalt (Co)
48.8%
Cesium (Cs)
47.7%
Polonium (Po)
44.1%
Chromium (Cr)
37.2%
Element % Correct
Scandium (Sc)
36.1%
Osmium (Os)
35.4%
Strontium (Sr)
35%
Cerium (Ce)
31.6%
Einsteinium (Es)
30.8%
Rhenium (Re)
30.1%
Erbium (Er)
27.5%
Praseodymium (Pr)
19.2%
Lawrencium (Lr)
16.1%

You're not logged in!

Compare scores with friends on all Sporcle quizzes.
Join for Free
OR
Log In

You Might Also Like...

Show Comments

Extras

Top Quizzes Today


Score Distribution

Your Account Isn't Verified!

In order to create a playlist on Sporcle, you need to verify the email address you used during registration. Go to your Sporcle Settings to finish the process.

Report this User

Report this user for behavior that violates our Community Guidelines.

Details: